000
00210 a2200097 4500
001
49544
100
_a
Lonette
245
_a
Paul gallico ludmila
260
_a
London
_b
Michael Joseph
_c
090
_c
32072
_d
32072
942
_a
NUST-CAE
_c
M
_c
24528
999
_c
284617
_d
284617